Science Quiz

Random Science or Biology Quiz
Score 0/25 Timer 10:00
1 Play Today
% Correct
guinea pig
(Cavia porcellus)
83.2%
capybara
(Hydrochoerus hydrochaeris)
81.5%
African crested porcupine
(Hystrix cristata)
81.2%
thirteen-lined ground squirrel
(Spermophilus tridecemlineatus)
78.7%
North American beaver
(Castor canadensis)
76.9%
spotted paca
(Cuniculus paca)
74.7%
lesser mole-rat
(Spalax leucodon)
73.2%
southern flying squirrel
(Glaucomys volans)
68.9%
Siberian chipmunk
(Eutamias sibiricus)
63%
North American porcupine
(Erethizon dorsatum)
62.7%
Egyptian spiny mouse
(Acomys cahirinus)
60.3%
lesser Egyptian jerboa
(Jaculus jaculus)
59.1%
tri-colored squirrel
(Callosciurus prevostii)
54.7%
% Correct
hoary marmot
(Marmota caligata)
52.5%
lemming
(Lemmus lemmus)
49.5%
muskrat
(Ondatra zibethicus)
49.1%
Central American agouti
(Dasyprocta punctata)
47.9%
Botta's pocket gopher
(Thomomys bottae)
47.8%
coypu|nutria
(Nutria heiligenhaus)
47.5%
southern viscacha
(Lagidium viscacia)
47%
common gundi
(Ctenodactylus gundi)
46.5%
Patagonian mara
(Dolichotis patagonum)
46.4%
springhare
(Pedetes capensis)
44.9%
banner-tailed kangaroo rat
(Dipodomys spectabilis)
44.4%
Gambian giant pouched rat
(Cricetomys gambianus)
42.2%
Remove Ads.
Support Sporcle.
Get the best of Sporcle when you Go Orange. This ad-free experience offers more features, more stats, and more fun while also helping to support Sporcle. Thank you for becoming a member.

You're not logged in!

Compare scores with friends on all Sporcle quizzes.
OR
Log In

Sporcle TV

Today on Sporcle TV


Watch our educational content, quiz creation guides, and fun videos on Sporcle TV.

Show Comments

Extras

Top Quizzes Today


Score Distribution

Paid Content

Your Account Isn't Verified!

In order to create a playlist on Sporcle, you need to verify the email address you used during registration. Go to your Sporcle Settings to finish the process.

Report this User

Report this user for behavior that violates our Community Guidelines.

Details: